00361pab a2200121 454500008004000000100002000040245009400060260000900154300001400163362001000177650001800187773003400205180718b2004 xxu||||| |||| 00| 0 eng d aMenon, Nivedita aRefusing globalisation and the authentic nation: feminist politics in current conjuncture c2004 ap.100-04. a3 Jan aGlobalization aEconomic and Political Weekly